| 000 | 01770nam a22003974a 4500 | ||
|---|---|---|---|
| 001 | ebr10115165 | ||
| 003 | CaPaEBR | ||
| 006 | m u | ||
| 007 | cr cn||||||||| | ||
| 008 | 050113s2005 nyu sb 001 0 eng | ||
| 010 | _z 2005001035 | ||
| 020 | _z1593320752 (alk. paper) | ||
| 040 |
_aCaPaEBR _cCaPaEBR |
||
| 035 | _a(OCoLC)64271906 | ||
| 043 | _an-us--- | ||
| 050 | 1 | 4 |
_aKF2750 _b.E38 2005eb |
| 082 | 0 | 4 |
_a346.7304/82 _222 |
| 100 | 1 |
_aEkstrand, Victoria Smith, _d1966- |
|
| 245 | 1 | 0 |
_aNews piracy and the hot news doctrine _h[electronic resource] : _borigins in law and implications for the digital age / _cVictoria Smith Ekstrand. |
| 260 |
_aNew York : _bLFB Scholarly Pub., _c2005. |
||
| 300 | _ax, 213 p. | ||
| 490 | 1 | _aLaw and society | |
| 504 | _aIncludes bibliographical references (p. 205-210) and index. | ||
| 505 | 0 | _aIntroduction : The scope of piracy -- The origins of the hot news doctrine -- INS v. AP -- Interpreting INS v. AP -- NBA v. Motorola and the new boundaries of hot news. | |
| 533 |
_aElectronic reproduction. _bPalo Alto, Calif. : _cebrary, _d2013. _nAvailable via World Wide Web. _nAccess may be limited to ebrary affiliated libraries. |
||
| 650 | 0 |
_aJournalists _xLegal status, laws, etc. _zUnited States. |
|
| 650 | 0 |
_aCopyright _xNewspaper articles _zUnited States. |
|
| 650 | 0 |
_aPiracy (Copyright) _zUnited States. |
|
| 650 | 0 | _aCopyright and electronic data processing. | |
| 650 | 0 |
_aInternet _xLaw and legislation. |
|
| 655 | 7 |
_aElectronic books. _2local |
|
| 710 | 2 | _aebrary, Inc. | |
| 830 | 0 | _aLaw and society (New York, N.Y.) | |
| 830 | 0 | _aRecht und Gesellschaft. | |
| 856 | 4 | 0 |
_uhttp://site.ebrary.com/lib/rucke/Doc?id=10115165 _zAn electronic book accessible through the World Wide Web; click to view |
| 999 |
_c207741 _d207741 |
||